[Event "GER Cup Net Final-C U1600"]
[Site "Playchess.com INT"]
[Date "2020.06.06"]
[Round "4"]
[White "Muehlbauer, Adrian"]
[Black "Radeke, Rico"]
[Result "1-0"]
[WhiteElo "1638"]
[BlackElo "1492"]
[PlyCount "39"]
[EventDate "2020.06.06"]
[EventType "swiss (blitz)"]
[EventRounds "13"]
[EventCountry "GER"]
[SourceTitle "CBM 197 Extra"]
[Source "ChessBase"]
[SourceDate "2020.09.30"]
[SourceVersion "1"]
[SourceVersionDate "2020.09.30"]
[SourceQuality "1"]

1. e4 c5 2. Nc3 Nc6 3. f4 d6 4. Bc4 Nf6 5. d3 a6 6. a3 b5 7. Ba2 g6 8. Nf3 Bg4 9. Be3 Bg7 10. 0-0 0-0 11. Qe1 Rb8 12. Qg3 Bh5 13. f5 Kh8 14. fxg6 fxg6 15. Ng5 Qc8 16. Ne6 Re8 17. Ng5 Bh6 18. Nf7+ Kg7 19. Bxh6+ Kg8 20. Nxd6+ 1-0

[Event "GER Pfingstopen U12"]
[Site "Playchess.com INT"]
[Date "2020.06.02"]
[Round "5"]
[White "Herrmann, Jakob"]
[Black "Muehlbauer, Adrian"]
[Result "1-0"]
[WhiteElo "1620"]
[BlackElo "1545"]
[PlyCount "133"]
[EventDate "2020.06.02"]
[EventType "swiss (blitz)"]
[EventRounds "11"]
[EventCountry "GER"]
[SourceTitle "CBM 197 Extra"]
[Source "ChessBase"]
[SourceDate "2020.09.30"]
[SourceVersion "1"]
[SourceVersionDate "2020.09.30"]
[SourceQuality "1"]

1. e4 e5 2. Nf3 Nc6 3. d4 exd4 4. Nxd4 Nf6 5. Nc3 Bb4 6. Nxc6 bxc6 7. Bd3 0-0 8. 0-0 d5 9. exd5 cxd5 10. h3 Be6 11. Qf3 Qd6 12. Ne2 h6 13. Nd4 Bc5 14. Nxe6 Qxe6 15. Bf4 Bd6 16. Bxd6 Qxd6 17. Rfe1 Rfe8 18. c4 dxc4 19. Bxc4 Qd4 20. Qb3 Rf8 21. Rad1 Qf4 22. Re7 Ne4 23. Qc2 Nd6 24. Bd5 Rae8 25. Rxc7 Nb5 26. Rc5 Nd6 27. Rc6 Rc8 28. Rxc8 Rxc8 29. Qd2 Qxd2 30. Rxd2 Rc1+ 31. Kh2 Ra1 32. Kg3 Nf5+ 33. Kf4 Ne7 34. a3 Rf1 35. f3 Rg1 36. g3 Rb1 37. Bb3 Ng6+ 38. Ke4 Rg1 39. Rd8+ Kh7 40. g4 Rh1 41. Bxf7 Rxh3 42. Bxg6+ Kxg6 43. Ra8 Rh2 44. b4 Ra2 45. Rxa7 Kf6 46. Kd5 Rf2 47. Ke4 Ra2 48. b5 Rb2 49. a4 Rb4+ 50. Ke3 Rb3+ 51. Kf4 Rb4+ 52. Kg3 Rb1 53. Ra6+ Kf7 54. b6 g5 55. Ra7+ Kf6 56. b7 Rg1+ 57. Kf2 Rb1 58. a5 Rb2+ 59. Kg3 Rb1 60. a6 Ke5 61. Ra8 Kd4 62. b8Q Ke3 63. Qe5+ Kd3 64. Rd8+ Kc2 65. Qc5+ Kb2 66. Rb8+ Ka2 67. Qa5# 1-0

[Event "GER Cup Net V3 U1600"]
[Site "Playchess.com INT"]
[Date "2020.05.27"]
[Round "4"]
[White "Hausmann, Ulrich"]
[Black "Muehlbauer, Adrian"]
[Result "0-1"]
[WhiteElo "1550"]
[BlackElo "1620"]
[PlyCount "80"]
[EventDate "2020.05.27"]
[EventType "swiss (blitz)"]
[EventRounds "9"]
[EventCountry "GER"]
[SourceTitle "EXT 2021"]
[Source "ChessBase"]
[SourceDate "2020.10.23"]
[SourceVersion "1"]
[SourceVersionDate "2020.10.23"]
[SourceQuality "1"]

1. f4 f5 2. Nf3 Nf6 3. e3 d6 4. d4 g6 5. Bc4 Bg7 6. Ng5 d5 7. Bb5+ c6 8. Bd3 0-0 9. 0-0 Nbd7 10. Ne6 Qe8 11. Nxf8 Qxf8 12. Nd2 Nb6 13. c3 Be6 14. b3 Bf7 15. a4 Rc8 16. Nf3 h6 17. Ne5 Be6 18. Ba3 Bf7 19. a5 Nbd7 20. Qc2 Nxe5 21. fxe5 Ne4 22. Bxe4 dxe4 23. Rad1 Qe8 24. Bc5 a6 25. c4 e6 26. b4 Qd7 27. d5 cxd5 28. cxd5 exd5 29. Qb2 Qd8 30. Bd4 Be6 31. Rc1 Rxc1 32. Rxc1 Qd7 33. Rc3 Bf8 34. Bc5 Bg7 35. Qc2 Bxe5 36. Bd4 Bxd4 37. exd4 Qd6 38. Rc5 Qe7 39. Rc7 Qxb4 40. Qc5 Qe1# 0-1